<?xml version="1.0" encoding="UTF-8"?>
<record
    xmlns:xsi="http://www.w3.org/2001/XMLSchema-instance"
    xsi:schemaLocation="http://www.loc.gov/MARC21/slim http://www.loc.gov/standards/marcxml/schema/MARC21slim.xsd"
    xmlns="http://www.loc.gov/MARC21/slim">

  <leader>02076cam a22003135a 4500</leader>
  <controlfield tag="001">18981738</controlfield>
  <controlfield tag="005">20201128023738.0</controlfield>
  <controlfield tag="008">160219t2016    moua   frb    001 0 eng d</controlfield>
  <datafield tag="020" ind1=" " ind2=" ">
    <subfield code="a">9780323187947</subfield>
  </datafield>
  <datafield tag="040" ind1=" " ind2=" ">
    <subfield code="a">DLC</subfield>
    <subfield code="b">eng</subfield>
    <subfield code="c">DLC</subfield>
    <subfield code="d">DLC</subfield>
    <subfield code="d">EG-ScBUE</subfield>
  </datafield>
  <datafield tag="082" ind1="0" ind2="4">
    <subfield code="a">610.73</subfield>
    <subfield code="b">PER</subfield>
    <subfield code="2">22</subfield>
  </datafield>
  <datafield tag="100" ind1="1" ind2=" ">
    <subfield code="a">Perry, Anne Griffin.</subfield>
  </datafield>
  <datafield tag="245" ind1="1" ind2="0">
    <subfield code="a">Nursing interventions &amp; clinical skills /</subfield>
    <subfield code="c">Anne Griffin Perry, Patricia A. Potter, Wendy R. Ostendorf.</subfield>
  </datafield>
  <datafield tag="246" ind1="3" ind2=" ">
    <subfield code="a">Nursing interventions and clinical skills</subfield>
  </datafield>
  <datafield tag="250" ind1=" " ind2=" ">
    <subfield code="a">6th ed.</subfield>
  </datafield>
  <datafield tag="260" ind1=" " ind2=" ">
    <subfield code="a">Missouri :</subfield>
    <subfield code="b">Elsevier,</subfield>
    <subfield code="c">c.2016.</subfield>
  </datafield>
  <datafield tag="300" ind1=" " ind2=" ">
    <subfield code="a">xx, 867 p. :</subfield>
    <subfield code="b">ill. ;</subfield>
    <subfield code="c">28 cm.</subfield>
  </datafield>
  <datafield tag="500" ind1=" " ind2=" ">
    <subfield code="a">Index : p. 851-867.</subfield>
  </datafield>
  <datafield tag="504" ind1=" " ind2=" ">
    <subfield code="a">Includes bibliographical references.</subfield>
  </datafield>
  <datafield tag="505" ind1="0" ind2=" ">
    <subfield code="a">Using evidence in nursing practice -- Communication and collaboration -- Documentation and informatics -- Patient safety and quality improvement -- Infection control -- Vital signs -- Health assessment -- Specimen collection -- Diagnostic procedures -- Bathing and personal hygiene -- Care of the eye and ear -- Promoting nutrition -- Pain management -- Promoting oxygenation -- Safe patient handling, transfer, and positioning -- Exercise and mobility -- Traction, cast care, and immobilization devices -- Urinary elimination -- Bowel elimination and gastric intubation -- Ostomy care -- Preparation for safe medication administration -- Administration of nonparenteral medications -- Administration of parenteral medications -- Wound care and irrigation -- Pressure ulcers -- Dressings, bandages, and binders -- Intravenous and vascular access therapy -- Preoperative and postoperative care -- Emergency measures for life support in the hospital setting -- Palliative care -- Home care safety -- Appendix A: Answer key to end-of-chapter exercises -- Appendix B: Abbreviations and equivalents.</subfield>
  </datafield>
  <datafield tag="650" ind1=" " ind2="7">
    <subfield code="a">Nursing.</subfield>
    <subfield code="2">BUEsh</subfield>
    <subfield code="9">2162</subfield>
  </datafield>
  <datafield tag="650" ind1=" " ind2="7">
    <subfield code="a">Clinical competence.</subfield>
    <subfield code="2">BUEsh</subfield>
    <subfield code="9">37655</subfield>
  </datafield>
  <datafield tag="651" ind1=" " ind2=" ">
    <subfield code="2">BUEsh</subfield>
  </datafield>
  <datafield tag="653" ind1=" " ind2=" ">
    <subfield code="b">NNUR</subfield>
    <subfield code="c">May2016</subfield>
    <subfield code="c">October2017</subfield>
  </datafield>
  <datafield tag="655" ind1=" " ind2=" ">
    <subfield code="v">Text book</subfield>
    <subfield code="9">33728</subfield>
  </datafield>
  <datafield tag="700" ind1="1" ind2=" ">
    <subfield code="a">Potter, Patricia Ann.</subfield>
  </datafield>
  <datafield tag="700" ind1="1" ind2=" ">
    <subfield code="a">Ostendore, Wendy R.</subfield>
  </datafield>
  <datafield tag="942" ind1=" " ind2=" ">
    <subfield code="2">ddc</subfield>
  </datafield>
  <datafield tag="999" ind1=" " ind2=" ">
    <subfield code="c">21747</subfield>
    <subfield code="d">21719</subfield>
  </datafield>
  <datafield tag="952" ind1=" " ind2=" ">
    <subfield code="0">0</subfield>
    <subfield code="1">0</subfield>
    <subfield code="2">ddc</subfield>
    <subfield code="4">0</subfield>
    <subfield code="7">0</subfield>
    <subfield code="8">Alahram</subfield>
    <subfield code="a">MAIN</subfield>
    <subfield code="b">MAIN</subfield>
    <subfield code="c">1ST</subfield>
    <subfield code="d">2016-05-16</subfield>
    <subfield code="e">Purchase</subfield>
    <subfield code="g">786.00</subfield>
    <subfield code="l">0</subfield>
    <subfield code="o">610.73 PER</subfield>
    <subfield code="p">000032492</subfield>
    <subfield code="r">2025-07-15 00:00:00</subfield>
    <subfield code="v">982.50</subfield>
    <subfield code="y">NB</subfield>
  </datafield>
  <datafield tag="952" ind1=" " ind2=" ">
    <subfield code="0">0</subfield>
    <subfield code="1">0</subfield>
    <subfield code="2">ddc</subfield>
    <subfield code="4">0</subfield>
    <subfield code="7">0</subfield>
    <subfield code="8">Alahram</subfield>
    <subfield code="a">MAIN</subfield>
    <subfield code="b">MAIN</subfield>
    <subfield code="c">1ST</subfield>
    <subfield code="d">2016-05-16</subfield>
    <subfield code="e">Purchase</subfield>
    <subfield code="g">786.00</subfield>
    <subfield code="l">0</subfield>
    <subfield code="o">610.73 PER</subfield>
    <subfield code="p">000032493</subfield>
    <subfield code="r">2025-07-15 00:00:00</subfield>
    <subfield code="v">982.50</subfield>
    <subfield code="y">NB</subfield>
  </datafield>
  <datafield tag="952" ind1=" " ind2=" ">
    <subfield code="0">0</subfield>
    <subfield code="1">0</subfield>
    <subfield code="2">ddc</subfield>
    <subfield code="4">0</subfield>
    <subfield code="7">0</subfield>
    <subfield code="8">Baccah</subfield>
    <subfield code="a">MAIN</subfield>
    <subfield code="b">MAIN</subfield>
    <subfield code="c">1ST</subfield>
    <subfield code="d">2017-10-24</subfield>
    <subfield code="e">Purchase</subfield>
    <subfield code="g">1120.00</subfield>
    <subfield code="l">2</subfield>
    <subfield code="m">1</subfield>
    <subfield code="o">610.73 PER</subfield>
    <subfield code="p">000046802</subfield>
    <subfield code="r">2025-07-15 00:00:00</subfield>
    <subfield code="s">2022-07-21</subfield>
    <subfield code="y">BB</subfield>
  </datafield>
  <datafield tag="952" ind1=" " ind2=" ">
    <subfield code="0">0</subfield>
    <subfield code="1">0</subfield>
    <subfield code="2">ddc</subfield>
    <subfield code="4">0</subfield>
    <subfield code="7">0</subfield>
    <subfield code="8">Baccah</subfield>
    <subfield code="a">MAIN</subfield>
    <subfield code="b">MAIN</subfield>
    <subfield code="c">1ST</subfield>
    <subfield code="d">2017-10-24</subfield>
    <subfield code="e">Purchase</subfield>
    <subfield code="g">1120.00</subfield>
    <subfield code="l">3</subfield>
    <subfield code="m">44</subfield>
    <subfield code="o">610.73 PER</subfield>
    <subfield code="p">000046801</subfield>
    <subfield code="r">2025-07-15 00:00:00</subfield>
    <subfield code="s">2020-12-15</subfield>
    <subfield code="y">BB</subfield>
  </datafield>
  <datafield tag="952" ind1=" " ind2=" ">
    <subfield code="0">0</subfield>
    <subfield code="1">0</subfield>
    <subfield code="2">ddc</subfield>
    <subfield code="4">0</subfield>
    <subfield code="7">0</subfield>
    <subfield code="8">Baccah</subfield>
    <subfield code="a">MAIN</subfield>
    <subfield code="b">MAIN</subfield>
    <subfield code="c">1ST</subfield>
    <subfield code="d">2017-10-24</subfield>
    <subfield code="e">Purchase</subfield>
    <subfield code="g">1120.00</subfield>
    <subfield code="l">1</subfield>
    <subfield code="o">610.73 PER</subfield>
    <subfield code="p">000046800</subfield>
    <subfield code="r">2025-07-15 00:00:00</subfield>
    <subfield code="s">2019-06-16</subfield>
    <subfield code="y">BB</subfield>
  </datafield>
</record>
